LIBRARY & INFORMATION CENTRE, KCAET, TAVANUR

ONLINE PUBLIC ACCESS CATALOGUE (OPAC)

Bhoothavum bhaviyum / (Record no. 4379)

MARC details
000 -LEADER
fixed length control field 00338cam a2200133ua 4500
041 ## - LANGUAGE CODE
Language code of text/sound track or separate title mal
082 ## - DEWEY DECIMAL CLASSIFICATION NUMBER
Classification number 930
Item number KES/BH
100 ## - MAIN ENTRY--AUTHOR NAME
Personal name Kesavamenon, K P .
245 ## - TITLE STATEMENT
Title Bhoothavum bhaviyum /
260 ## - PUBLICATION, DISTRIBUTION, ETC. (IMPRINT)
Place of publication Thrissur :
Name of publisher Current Books ,
Year of publication 1965.
300 ## - PHYSICAL DESCRIPTION
Number of Pages 201 ; .
942 ## - ADDED ENTRY ELEMENTS (KOHA)
Koha item type Books
Holdings
Withdrawn status Lost status Damaged status Home library Current library Date acquired Full call number Accession Number Koha item type Public note
Withdrawn     KAUAET Malayalam University 13/11/2023 930 KES/BH 8992 Books Transferred to Malayalam University
Withdrawn     KAUAET Sanskrit University 07/04/2012 930 1992 Books  
free website counter